Love in a Nutshell (Record no. 79317)
[ view plain ]
| 000 -LEADER | |
|---|---|
| fixed length control field | 00763nim a22002775 4500 |
| 001 - CONTROL NUMBER | |
| control field | BK0010032921 |
| 005 - DATE AND TIME OF LATEST TRANSACTION | |
| control field | 20241220131235.0 |
| 008 - FIXED-LENGTH DATA ELEMENTS--GENERAL INFORMATION | |
| fixed length control field | 110805 eng |
| 020 ## - INTERNATIONAL STANDARD BOOK NUMBER | |
| International Standard Book Number | 9781427214966 : CMD |
| Terms of availability | $34.99 |
| 020 ## - INTERNATIONAL STANDARD BOOK NUMBER | |
| International Standard Book Number | 1427214964 : CMD |
| Terms of availability | $34.99 |
| 037 ## - SOURCE OF ACQUISITION | |
| Source of stock number/acquisition | St Martins Pr, C/O Mps 175 Fifth Ave, New York, NY, USA, 10010 |
| Note | SAN 631-5011 |
| 040 ## - CATALOGING SOURCE | |
| Description conventions | rda |
| 050 ## - LIBRARY OF CONGRESS CALL NUMBER | |
| Classification number | PS |
| 082 ## - DEWEY DECIMAL CLASSIFICATION NUMBER | |
| Classification number | 813 |
| 092 ## - LOCALLY ASSIGNED DEWEY CALL NUMBER (OCLC) | |
| Classification number | 813.0000 |
| 092 ## - LOCALLY ASSIGNED DEWEY CALL NUMBER (OCLC) | |
| Classification number | EVANOVICH |
| 100 ## - MAIN ENTRY--PERSONAL NAME | |
| Personal name | Evanovich, Janet/ Kelly, Dorien |
| 9 (RLIN) | 6225756 |
| 245 00 - TITLE STATEMENT | |
| Title | Love in a Nutshell |
| 260 ## - PUBLICATION, DISTRIBUTION, ETC. (IMPRINT) | |
| Name of publisher, distributor, etc | St Martins Pr |
| Date of publication, distribution, etc | 2012 |
| 264 ## - Production, Publication, Distribution, Manufacture, and Copyright Notice. | |
| Place of production, publication, distribution, manufacture | USA |
| Name of producer, publisher, distributor, manufacturer | St Martins Pr |
| Date of production, publication, distribution, manufacture, or copyr | 2012 |
| 300 ## - PHYSICAL DESCRIPTION | |
| Extent | 6 cds (6.5 hours) |
| 942 ## - ADDED ENTRY ELEMENTS (KOHA) | |
| Koha item type | Audiobook on CD |
| Source of classification or shelving scheme | Dewey Decimal Classification |
| Withdrawn status | Lost status | Source of classification or shelving scheme | Materials specified (bound volume or other part) | Damaged status | Not for loan | Collection code | Home library | Current library | Shelving location | Date acquired | Source of acquisition | Cost, normal purchase price | Total Checkouts | Full call number | Barcode | Date last seen | Date checked out | Cost, replacement price | Price effective from | Koha item type | Public note |
|---|---|---|---|---|---|---|---|---|---|---|---|---|---|---|---|---|---|---|---|---|---|
| Dewey Decimal Classification | .CIRCNOTE. 6 discs | Audiobooks | Wasatch County Library | Wasatch County Library | Second Floor | 02/24/2012 | 29.99 | 11 | CD Eva | 34301001063017 | 03/07/2024 | 12/07/2022 | 29.99 | 03/20/2020 | Audiobook on CD | .PUBLIC. 6 discs |
